Tập truyện thiếu nhi

保存先:
書誌詳細
第一著者: Hà, Lâm Kỳ
フォーマット: 図書
言語:Undetermined
出版事項: Hà Nội Hội nhà văn 2018
主題:
タグ: タグ追加
タグなし, このレコードへの初めてのタグを付けませんか!
Thư viện lưu trữ: Trung tâm Học liệu Trường Đại học Cần Thơ
LEADER 00528nam a2200181Ia 4500
001 CTU_228833
008 210402s9999 xx 000 0 und d
082 |a 895.9223 
082 |b K600 
100 |a Hà, Lâm Kỳ 
245 0 |a Tập truyện thiếu nhi 
245 0 |c Hà Lâm Kỳ 
260 |a Hà Nội 
260 |b Hội nhà văn 
260 |c 2018 
650 |a Truyện ngắn Việt Nam,Short stories, Vietnamese 
910 |b nthai 
980 |a Trung tâm Học liệu Trường Đại học Cần Thơ